000 00646pam a2200229 a 4500
001 616233
005 20241106151151.0
008 920818s1993 njua 001 0 eng
020 _a013156241X
050 0 0 _aQA76.5
_b.L654 1993
082 0 0 _a004
_220
100 1 _aLong, Larry E.
245 1 0 _aComputers /
_cLarry Long, Nancy Long.
250 _a3rd ed.
260 _aEnglewood Cliffs, N.J. :
_bPrentice Hall,
_cc1993.
300 _axxiii, 677 p. :
_bill. (some col.) ;
_c26 cm.
500 _aIncludes index.
650 0 _aComputers.
650 0 _aElectronic data processing.
700 1 _aLong, Nancy,
_d1947-
942 _2lcc
_cBK
_e3rd Ed.
_n0
999 _c720
_d720